[Event "Match"]
[Site "www.echecsemail.com"]
[Date "2018.01.14"]
[Round "1"]
[White "Billyg"]
[Black "Apdash"]
[WhiteElo "1760"]
[BlackElo "2280"]
[Result "0-1"]
[Round "1"]
1.e4 e5
2.Ng1f3 Nb8c6
3.a3 Ng8f6
4.d3 d5
5.c4 dxe4
6.dxe4 Bc8g4
7.Bf1e2 Qd8xd1
8.Be2xd1 Nf6xe4
9.Bd1a4 f6
10.b4 O-O-O
11.O-O Bg4xf3
12.gxf3 Ne4d6
13.Nb1d2 Nc6d4
14.Ba4d1 Nd6f5
15.Bc1b2 c5
16.bxc5 Nd4e2
17.Bd1xe2 Rd8xd2
18.Bb2xe5 fxe5
19.Be2d1 Bf8xc5
20.Kh1 Bc5xf2
21.Bd1b3 Nf5d4
22.Rf1d1 Nd4xb3
23.Ra1b1 Rd2xd1
24.Rb1xd1 Nb3c5
25.Rd1f1 Bf2d4
26.f4 exf4
27.Rf1xf4 Bd4e5
28.Rf4f5 Nc5d7
29.Rf5g5 Be5f6
30.Rg5d5 Rh8e8
31.c5 Kc7
32.a4 Re8e1
33.Kg2 Re1a1
{ resign }
0-1

[Event "Match"]
[Site "www.echecsemail.com"]
[Date "2018.01.14"]
[Round "1"]
[White "Gidi5"]
[Black "Gimmyg"]
[WhiteElo "2340"]
[BlackElo "2510"]
[Result "0-1"]
[Round "1"]
1.e4 Nb8c6
2.d4 d5
3.e5 Bc8f5
4.c3 f6
5.f4 e6
6.Bf1d3 Ng8h6
7.Ng1f3 Qd8d7
8.Bd3xf5 Nh6xf5
9.O-O a5
10.Rf1e1 fxe5
11.fxe5 Bf8e7
12.g4 Nf5h4
13.g5 Nh4f5
14.Nb1a3 Be7xa3
15.bxa3 a4
16.Ra1b1 Nc6a5
17.Nf3d2 O-O
18.Qd1e2 b6
19.Qe2b5 Qd7e7
20.Nd2f1 Na5c4
21.Rb1b4 Qe7f7
22.Re1e2 Nf5xd4
{ resign }
0-1

[Event "Match"]
[Site "www.echecsemail.com"]
[Date "2018.01.14"]
[Round "1"]
[White "Begory"]
[Black "Izastar"]
[WhiteElo "1570"]
[BlackElo "1249"]
[Result "0-1"]
[Round "1"]
1.d4 f5
2.Bc1f4 Ng8f6
3.Nb1c3 d6
4.d5 c6
5.dxc6 Nb8xc6
6.Nc3b5 a6
7.Nb5c3 e5
8.Bf4g5 Bf8e7
9.Bg5xf6 Be7xf6
10.e4 O-O
11.Bf1c4 Kh8
12.Ng1f3 Nc6e7
13.O-O Qd8c7
14.Bc4b3 Bc8d7
15.Rf1e1 Ra8d8
16.Nc3d5 Ne7xd5
17.Bb3xd5 f4
18.Qd1d3 Bd7b5
19.Qd3b3 Rd8c8
20.c3 Bb5c6
21.Bd5e6 Bc6d7
22.Be6d5 b5
23.h3 h6
24.a4 bxa4
25.Qb3b7 Qc7xb7
26.Bd5xb7 Rc8b8
27.Bb7xa6 Rb8xb2
28.Ra1xa4 Bd7xa4
29.c4 Rf8a8
30.Ba6b7 Rb2xb7
31.Re1a1 Rb7a7
32.Ra1b1 Ba4c2
33.Rb1c1 Ra7a1
{ resign }
0-1

[Event "Match"]
[Site "www.echecsemail.com"]
[Date "2018.01.14"]
[Round "1"]
[White "Karlgrocer"]
[Black "Apdash"]
[WhiteElo "2030"]
[BlackElo "2330"]
[Result "0-1"]
[Round "1"]
1.d4 d5
2.Ng1f3 Ng8f6
3.e3 e6
4.Bf1e2 c5
5.dxc5 Bf8xc5
6.O-O O-O
7.a3 Nb8c6
8.b4 Bc5d6
9.Bc1b2 e5
10.Nb1d2 Qd8c7
11.g3 Bc8h3
12.Rf1e1 Ra8d8
13.Qd1c1 d4
14.exd4 e4
15.Nf3g5 Bh3f5
16.Be2f1 Rf8e8
17.Bf1g2 e3
18.fxe3 Bd6xg3
19.hxg3 Qc7xg3
20.Ng5f3 Nf6g4
21.Nd2f1 Qg3f2
22.Kh1 Rd8d6
23.Nf3h2 Ng4xh2
24.Nf1xh2 Rd6h6
{ resign }
0-1

[Event "Tourn. n9615"]
[Site "www.chess-mail.com"]
[Date "2018.01.15"]
[Round "1"]
[White "Numanoid"]
[Black "Ejner"]
[WhiteElo "2390"]
[BlackElo "2400"]
[Result "1/2-1/2"]
[Round "1"]
1.d4 d5
2.Nb1c3 e6
3.e4 dxe4
4.Nc3xe4 Nb8d7
5.Ng1f3 Ng8f6
6.Bf1d3 c5
7.O-O Nf6xe4
8.Bd3xe4 Nd7f6
9.Bc1g5 cxd4
10.Nf3xd4 Bf8e7
11.Be4f3 O-O
12.Qd1d3 Qd8b6
13.Ra1d1 Rf8d8
14.Bg5e3 Qb6a5
15.Qd3b5 Qa5c7
16.Qb5b3 Bc8d7
17.Rf1e1 Ra8c8
18.c3 b6
19.g3 e5
{ draw }
1/2-1/2

[Event "Tourn. n9644"]
[Site "www.chess-mail.com"]
[Date "2018.01.15"]
[Round "1"]
[White "Madz123456"]
[Black "Jackbauer"]
[WhiteElo "1740"]
[BlackElo "1830"]
[Result "0-1"]
[Round "1"]
1.e4 c5
2.Ng1f3 d6
3.d4 cxd4
4.Nf3xd4 e5
5.Bf1b5 Bc8d7
6.Bb5xd7 Nb8xd7
7.Nd4f5 Nd7f6
8.Nb1c3 g6
9.Nf5e3 a6
 { time }
0-1

[Event "Tourn. n9595"]
[Site "www.chess-mail.com"]
[Date "2018.01.15"]
[Round "1"]
[White "Tarasch"]
[Black "Madz123456"]
[WhiteElo "1499"]
[BlackElo "1640"]
[Result "1-0"]
[Round "1"]
1.d4 Ng8f6
2.c4 e6
3.Ng1f3 d5
4.Nb1c3 h6
5.e3 Nb8d7
6.Bf1d3 b6
7.cxd5 exd5
8.O-O Bc8b7
9.Qd1e2 Bf8e7
10.Bc1d2 O-O
11.Ra1c1 Rf8e8
12.Nc3b5 c6
13.Nb5c3 Be7d6
14.Bd3a6 Qd8c8
15.Ba6d3 Qc8d8
16.Bd3a6 Qd8b8
17.a3 b5
18.Ba6xb7 Qb8xb7
19.Rc1c2 a5
20.Rf1c1 Nd7b6
21.Nc3b1  { time }
1-0

[Event "Tourn. n9659"]
[Site "www.chess-mail.com"]
[Date "2018.01.15"]
[Round "1"]
[White "Cereus"]
[Black "Andychesston"]
[WhiteElo "1809"]
[BlackElo "1990"]
[Result "1-0"]
[Round "1"]
1.e4 e5
2.Ng1f3 Nb8c6
3.Bf1b5 d6
4.d4 a6
5.Bb5xc6 bxc6
6.dxe5 Bc8g4
7.O-O Bg4xf3
8.Qd1xf3 dxe5
9.Qf3c3 Qd8d7
10.Qc3xe5 Qd7e7
11.Qe5a5 Ng8f6
12.Nb1c3 Nf6g4
13.Bc1f4 Ra8a7
{ time. }
1-0

[Event "Tourn. n9648"]
[Site "www.chess-mail.com"]
[Date "2018.01.15"]
[Round "1"]
[White "Coolant"]
[Black "Vios"]
[WhiteElo "2350"]
[BlackElo "2320"]
[Result "0-1"]
[Round "1"]
1.d4 Ng8f6
2.Ng1f3 d6
3.Nb1d2 g6
4.e4 Bf8g7
5.Bf1d3 O-O
6.O-O c5
7.c3 b6
8.Rf1e1 Bc8b7
9.Qd1e2 Nb8d7
10.Nd2f1 e5
11.Nf1g3 exd4
12.cxd4 cxd4
13.Bc1f4 Nd7c5
14.Nf3xd4 Nf6h5
15.Ng3xh5 Bg7xd4
16.Nh5g3 Bd4xf2
17.Kxf2 Qd8f6
18.Ke3 Nc5e6
19.Re1f1 Qf6d4
20.Kd2 Ne6xf4
21.Rf1xf4 Qd4xb2
22.Ke3 Qb2xa1
{ resign }
0-1

[Event "Tourn. n9637"]
[Site "www.chess-mail.com"]
[Date "2018.01.15"]
[Round "1"]
[White "Coolant"]
[Black "Vios"]
[WhiteElo "2340"]
[BlackElo "2250"]
[Result "0-1"]
[Round "1"]
1.c4 e5
2.Nb1c3 f5
3.e4 d6
4.Ng1f3 Ng8f6
5.Bf1d3 f4
6.Bd3e2 c5
7.d3 Nb8c6
8.Bc1d2 Bf8e7
9.Nc3d5 O-O
10.a3 b6
11.b4 Bc8d7
12.b5 Nc6d4
13.Nf3xd4 cxd4
14.Nd5b4 a5
15.bxa6 Nf6e8
16.Qd1b3 Ne8c7
17.Ra1b1 Be7g5
18.Be2d1 Rf8f7
19.f3 Bg5h4
20.Ke2 Nc7e6
21.Nb4d5 Ra8xa6
22.Nd5xb6 Ne6c5
23.Qb3b4 Bd7h3
24.Rh1g1 Rf7b7
{ resign }
0-1

[Event "Tourn. n9600"]
[Site "www.chess-mail.com"]
[Date "2018.01.15"]
[Round "1"]
[White "Tartan"]
[Black "Gvladutz"]
[WhiteElo "2580"]
[BlackElo "2560"]
[Result "0-1"]
[Round "1"]
1.e4 c6
2.d4 d5
3.Nb1c3 dxe4
4.Nc3xe4 Bc8f5
5.Ne4g3 Bf5g6
6.h4 h6
7.Ng1f3 Nb8d7
8.h5 Bg6h7
9.Bf1d3 Bh7xd3
10.Qd1xd3 e6
11.Bc1d2 Ng8f6
12.O-O-O Bf8d6
13.Ng3e4 Nf6xe4
14.Qd3xe4 Nd7f6
15.Qe4e2 Bd6c7
16.Kb1 Qd8d5
17.Qe2d3 O-O-O
18.Bd2b4 Rh8e8
19.c4 Qd5e4
20.Qd3c2 Qe4g4
21.Rd1g1 Nf6xh5
22.Rh1h4 Qg4g6
23.Nf3e5 Bc7xe5
24.dxe5 Qg6g5
25.Rh4e4 Rd8d7
26.g3 Re8d8
27.Rg1e1 Qg5f5
28.a3 Rd7d1
{ resign }
0-1

[Event "Tourn. n9445"]
[Site "www.chess-mail.com"]
[Date "2018.01.15"]
[Round "1"]
[White "Seger"]
[Black "Marbachess"]
[WhiteElo "2710"]
[BlackElo "2590"]
[Result "1-0"]
[Round "1"]
1.d4 f5
2.g3 Ng8f6
3.Bf1g2 g6
4.Ng1f3 Bf8g7
5.c4 O-O
6.Nb1c3 d6
7.O-O e6
8.b3 e5
9.dxe5 dxe5
10.Bc1a3 Qd8xd1
11.Ra1xd1 Rf8e8
12.e4 Nf6xe4
13.Nc3xe4 fxe4
14.Nf3g5 Nb8d7
15.Bg2xe4 Nd7f6
16.Be4g2 c6
17.Rf1e1 Bc8g4
18.f3 Bg4f5
19.g4 Bf5c8
20.Ba3b2 h6
21.Ng5e4 Nf6xe4
22.Re1xe4 a5
23.a4 g5
24.Rd1e1 Ra8a6
25.Bb2c3 Ra6b6
26.Re1b1 c5
27.Bc3xa5 Rb6d6
28.Ba5c7 Rd6c6
29.Bc7a5 Rc6e6
30.Ba5c3 Bc8d7
31.Rb1d1 Bd7c6
32.Re4e3 b6
33.Kf2 Bg7f6
34.h3 Kf7
35.Rd1e1 Bc6b7
36.Re1d1 Bb7c6
37.Rd1e1 Bc6b7
38.Re3d3 Bb7c6
39.Re1d1 Re8c8
40.Rd1a1 Rc8a8
41.Ra1d1 Ra8c8
42.Rd1a1 Rc8a8
43.Rd3e3 Ra8d8
44.Ra1c1 Bc6b7
45.Kg1 Re6d6
46.Bc3xe5 Rd8e8
47.Be5xd6 Re8xe3
48.Rc1b1 Bf6d4
49.Kh1 Bb7xf3
50.Bg2xf3 Re3xf3
51.Bd6c7 Rf3f6
52.Bc7g3 Bd4f2
53.Bg3e5 Rf6e6
54.Kg2 Re6xe5
55.Kxf2 Re5e6
56.Rb1a1 Re6f6
57.Ke3 Ke7
58.a5 Rf6e6
59.Kd3 bxa5
60.Ra1xa5 Re6d6
61.Kc3 Rd6c6
62.b4 cxb4
63.Kxb4 Rc6f6
64.Ra5a7 Ke8
65.Ra7h7 Rf6b6
66.Kc5 Rb6a6
67.Kb5 Ra6e6
68.c5 Kd8
69.c6 { resign }
1-0

[Event "Tourn. n9643"]
[Site "www.chess-mail.com"]
[Date "2018.01.15"]
[Round "1"]
[White "Vios"]
[Black "Szustan"]
[WhiteElo "2290"]
[BlackElo "2530"]
[Result "1/2-1/2"]
[Round "1"]
1.e4 e5
2.Ng1f3 Nb8c6
3.d4 exd4
4.Bf1c4 Ng8f6
5.e5 d5
6.Bc4b5 Nf6e4
7.Nf3xd4 Bc8d7
8.Bb5xc6 bxc6
9.O-O Bf8c5
10.f3 Ne4g5
11.Bc1e3 Ng5e6
12.c3 O-O
13.f4 Qd8e7
14.Nb1d2 Bc5b6
15.Rf1e1 f6
16.Nd2f3 Ra8e8
17.Nd4xe6 Bd7xe6
18.Be3xb6 cxb6
19.exf6 Qe7xf6
20.Qd1a4 b5
21.Qa4a6 Be6c8
22.Qa6xa7 { draw }
1/2-1/2

[Event "Tourn. n9693"]
[Site "www.chess-mail.com"]
[Date "2018.01.15"]
[Round "1"]
[White "Falcoale"]
[Black "Bojan"]
[WhiteElo "1930"]
[BlackElo "1970"]
[Result "1/2-1/2"]
[Round "1"]
1.e4 Ng8f6
2.e5 Nf6d5
3.Ng1f3 c6
4.d4 d6
5.c4 Nd5b6
6.Bf1e2 dxe5
7.Nf3xe5 Bc8e6
8.O-O g6
9.b3 Bf8g7
10.f4 Be6f5
11.Nb1c3 Nb8d7
12.Bc1a3 Qd8c7
13.g4 Nd7xe5
14.fxe5 Bf5e6
15.Nc3e4 Ra8d8
16.Ne4g5 Be6d7
17.Ng5xf7 Rh8f8
18.Nf7xd8 Qc7xd8
19.Rf1xf8 Kxf8
20.Qd1f1 Kg8
21.Qf1f2 Bd7e6
22.Ra1d1 Qd8c8
23.h3 Qc8e8
24.Qf2h4 Nb6c8
25.d5 cxd5
26.cxd5 Be6d7
27.Qh4g3 a6
28.Ba3b2 e6
29.dxe6 Bd7xe6
30.Qg3d3 Qe8c6
31.Be2f3 Qc6c5
32.Kg2 b5
33.Rd1c1 Qc5f8
34.Bf3d5 Be6xd5
35.Qd3xd5 Kh8
36.Qd5c5 Nc8e7
37.Bb2a3 Qf8a8
38.Kg3 Ne7g8
39.Ba3b2 Qa8e4
40.Qc5c3 h5
41.gxh5 gxh5
42.Rc1e1 h4
43.Kf2 Qe4f5
44.Qc3f3 Qf5g5
45.Re1e2 Ng8e7
46.Qf3g4 Qg5h6
47.e6 Bg7xb2
48.Re2xb2 Qh6f6
49.Kg1 Qf6xb2
50.Qg4xh4 Kg8
51.Qh4xe7 Qb2d4
52.Kg2 Qd4e4
53.Kg3 Qe4e3
54.Kg4 Qe3e4
55.Kh5 Qe4f3
56.Kg5 Qf3g3
57.Kf5 Qg3xh3
58.Ke5 Qh3c3
59.Kd6 Qc3b4
60.Kd7 Qb4d4
61.Ke8 Qd4b6
62.Qe7f7 Kh8
63.Kf8 Qb6d8
64.Qf7e8 Qd8f6
65.Qe8f7 Qf6d8
{ draw }
1/2-1/2

[Event "Tourn. n9568"]
[Site "www.chess-mail.com"]
[Date "2018.01.15"]
[Round "1"]
[White "Goofy"]
[Black "Coolant"]
[WhiteElo "2280"]
[BlackElo "2280"]
[Result "1-0"]
[Round "1"]
1.e4 e5
2.Ng1f3 Nb8c6
3.Bf1c4 Ng8f6
4.d3 Bf8c5
5.c3 a5
6.a4 h6
7.Nb1d2 d6
8.h3 Qd8e7
9.Qd1e2 Bc8e6
10.Bc4b5 O-O
11.O-O Nf6d7
12.Nd2c4 f5
13.exf5 Be6xf5
14.Bc1e3 Ra8e8
15.Bb5xc6 bxc6
16.Nc4xa5 e4
17.Na5xc6 Qe7f7
18.dxe4 Bf5xe4
19.Nc6d4 Qf7g6
20.Nf3h4 Qg6h7
21.Ra1d1 Nd7e5
22.b4 Bc5xd4
23.cxd4 Be4d3
24.Qe2a2 Bd3c4
25.Qa2d2 Bc4xf1
26.dxe5 Bf1c4
27.exd6 cxd6
28.a5 Qh7e4
29.Qd2d4 Qe4xd4
30.Rd1xd4 d5
31.Rd4d2 Re8b8
32.Be3c5 Rf8c8
33.Nh4f5 Rc8xc5
34.bxc5 Kf7
35.c6 Ke6
36.Nf5xg7 Kd6
37.Ng7f5 Kxc6
38.Nf5xh6 Rb8b1
39.Kh2 Rb1a1
40.Nh6g4 Ra1xa5
41.Ng4e5 Kc5
42.h4 { resign }
1-0

[Event "Tourn. n9612"]
[Site "www.chess-mail.com"]
[Date "2018.01.15"]
[Round "1"]
[White "Attatroll"]
[Black "Libiesse"]
[WhiteElo "2010"]
[BlackElo "1890"]
[Result "1/2-1/2"]
[Round "1"]
1.e4 c5
2.Nb1c3 e6
3.g4 d5
4.Bf1g2 d4
5.Nc3e2 Nb8c6
6.d3 Bf8e7
7.h3 Be7h4
8.Ng1f3 Bh4e7
9.O-O Ng8f6
10.Ne2g3 Qd8c7
11.a3 O-O
12.Bc1d2 b5
13.Rf1e1 Bc8b7
14.g5 Nf6d7
15.Ng3h5 Rf8d8
16.Bd2f4 e5
17.Bf4h2 Qc7d6
18.h4 g6
19.Nh5g3 c4
20.Ng3e2 a6
21.dxc4 bxc4
22.Nf3d2 Nd7b6
23.f4 Qd6c5
24.Kh1 Bb7c8
25.f5 gxf5
26.Re1f1 f4
27.Bg2f3 Bc8e6
28.Bh2g1 Kh8
29.b4 Qc5d6
30.Ra1b1 Rd8g8
31.c3 d3
32.Bg1xb6 dxe2
33.Qd1xe2 Ra8b8
34.Bb6c5 Qd6d7
35.Rb1d1 Be7xc5
36.bxc5 Rb8b2
37.Qe2e1 Qd7e7
38.Rf1f2 Qe7xc5
{ draw }
1/2-1/2

[Event "Match"]
[Site "www.echecsemail.com"]
[Date "2018.01.15"]
[Round "1"]
[White "Gidi5"]
[Black "Krystek23"]
[WhiteElo "2340"]
[BlackElo "2490"]
[Result "1/2-1/2"]
[Round "1"]
1.e4 c5
2.Ng1f3 e6
3.d4 cxd4
4.Nf3xd4 Nb8c6
5.Nd4xc6 bxc6
6.Bf1d3 Ng8f6
7.O-O Bf8e7
8.Nb1c3 d5
9.exd5 cxd5
10.Bc1g5 O-O
11.Qd1e2 Bc8b7
12.Ra1d1 Qd8c7
13.g3 a6
14.Bg5f4 Be7d6
15.Bf4xd6 Qc7xd6
16.Rf1e1 d4
17.Nc3e4 Bb7xe4
18.Bd3xe4 Ra8b8
19.c3 Qd6b6
20.Rd1xd4 Qb6xb2
21.Qe2xb2 Rb8xb2
22.Be4b1 g6
23.Rd4b4 Rb2d2
24.Rb4d4 { draw }
1/2-1/2

[Event "Tourn. n9638"]
[Site "www.chess-mail.com"]
[Date "2018.01.16"]
[Round "1"]
[White "Roque1"]
[Black "Madz123456"]
[WhiteElo "1890"]
[BlackElo "1720"]
[Result "0-1"]
[Round "1"]
1.e4 c5
2.Ng1f3 Nb8c6
3.Bf1b5 e6
4.Nb1c3 Nc6d4
5.Nf3xd4 cxd4
6.Nc3e2 Qd8g5
7.O-O Qg5xb5
8.Ne2xd4 Qb5e5
 { time }
0-1

[Event "Tourn. n9638"]
[Site "www.chess-mail.com"]
[Date "2018.01.16"]
[Round "1"]
[White "Madz123456"]
[Black "Osopanda"]
[WhiteElo "1720"]
[BlackElo "1800"]
[Result "0-1"]
[Round "1"]
1.e4 c5
2.Ng1f3 Nb8c6
3.Bf1b5 d6
4.d4 cxd4
5.Nf3xd4 Bc8d7
6.O-O Ng8f6
7.Nb1c3 Nc6xd4
8.Bb5xd7 Qd8xd7
9.Qd1xd4 g6
10.h3 Bf8g7
 { time }
0-1

[Event "Tourn. n9629"]
[Site "www.chess-mail.com"]
[Date "2018.01.16"]
[Round "1"]
[White "Fantomas"]
[Black "Bira47"]
[WhiteElo "2140"]
[BlackElo "2060"]
[Result "1-0"]
[Round "1"]
1.e4 c5
2.Ng1f3 e6
3.d4 cxd4
4.Nf3xd4 a6
5.Bf1d3 b5
6.O-O Bc8b7
7.Nb1d2 Ng8f6
8.Nd4b3 Nb8c6
9.c3 Nc6e5
10.Bd3c2 d5
11.Qd1e2 dxe4
12.Nd2xe4 Nf6xe4
13.Bc2xe4 Ne5c6
14.Bc1f4 Bf8e7
15.Ra1d1 Qd8c8
16.Bf4d6 Be7xd6
17.Rd1xd6 O-O
18.Nb3c5 Rf8d8
19.Nc5xb7 Rd8xd6
20.Nb7xd6 Qc8c7
21.Nd6xf7 Kxf7
22.Qe2f3 Kg8
23.Be4xc6 Ra8f8
24.Qf3e4 Qc7d6
25.c4 Rf8f4
26.Qe4e3 Rf4d4
27.cxb5 axb5
28.Bc6xb5 Rd4d1
29.Rf1xd1 Qd6xd1
30.Bb5f1 Kf7
31.Qe3f3 Qd1xf3
32.gxf3 g5
33.a4 Ke7
34.a5 Kd7
35.b4 Kc7
36.b5 Kb7
37.Bf1c4 h5
38.Bc4xe6 Ka7
39.Be6d5 h4
40.Kg2  { time }
1-0

[Event "Tourn. n9573"]
[Site "www.chess-mail.com"]
[Date "2018.01.16"]
[Round "1"]
[White "Falcoale"]
[Black "Dussek"]
[WhiteElo "2030"]
[BlackElo "1810"]
[Result "1-0"]
[Round "1"]
1.e4 c5
2.Ng1f3 d6
3.Bf1c4 e6
4.a3 a6
5.O-O Nb8c6
6.Nb1c3 b5
7.Bc4a2 Ng8f6
8.Rf1e1 Bf8e7
9.d3 O-O
10.Nc3e2 Bc8b7
11.Ne2g3 Nc6e5
12.Nf3xe5 dxe5
13.Bc1e3 Qd8c7
14.Ra1c1 Ra8d8
15.Re1f1 c4
16.Qd1e2 c3
17.bxc3 Be7xa3
18.Rc1b1 Qc7xc3
19.Rb1b3 Qc3c6
20.Rb3xa3 Qc6d6
21.Ra3c3 Qd6b4
22.Be3d2 Qb4d6
23.f4 Nf6d7
24.Bd2c1 exf4
25.Bc1xf4 e5
26.Ng3f5 Qd6b6
27.Bf4e3 Qb6a5
28.Ba2xf7 Rf8xf7
29.Be3d2 Qa5b6
30.Kh1 Nd7f6
31.Bd2e3 Qb6a5
32.Be3d2 Qa5b6
33.Rc3a3 Qb6c5
34.Ra3a2 b4
35.Rf1a1 Rd8a8
36.Bd2e3 Qc5c3
37.Nf5d6 Rf7c7
38.Nd6xb7 Rc7xb7
39.Be3c1 Qc3c6
40.Bc1g5 Rb7a7
41.Ra1f1 a5
42.h3 a4
43.Bg5xf6 gxf6
44.Qe2g4 Kf7
45.Qg4h5 Ke6
46.Qh5f5 Kf7
47.Qf5xh7 Ke8
48.Qh7g6 Ke7
49.Qg6g7 Ke8
50.Qg7g6 Ra7f7
51.Rf1f2 a3
52.Qg6g8 Ke7
53.Qg8g6 Qc6e6
54.Ra2a1 a2
55.Qg6g3 Qe6c6
56.Qg3e3 Qc6c3
57.Rf2f1 Qc3xc2
58.Rf1c1 Qc2b2
59.Qe3b6 Qb2xc1
60.Ra1xc1 a1Q
61.Rc1xa1 Ra8xa1
62.Kh2 Ra1b1
63.Qb6c5 Ke8
64.Qc5c6 Kf8
65.Qc6c2 Rb1a1
66.Qc2c5 Kg7
67.Qc5xb4 Ra1d1
68.Qb4d6 Rd1e1
69.Qd6e6 Re1e3
70.Qe6g4 Kf8
71.Qg4c8 Kg7
72.Qc8c4 Kg6
73.h4 Rf7g7
74.Qc4c8 Re3xd3
75.Qc8e8 Kh6
76.Qe8f8 Kg6
77.Qf8e8 Kh6
78.Qe8h8 Kg6
79.h5 Kf7
80.h6 Rg7g6
81.Qh8h7 { resign }
1-0

[Event "Tourn. n9642"]
[Site "www.chess-mail.com"]
[Date "2018.01.16"]
[Round "1"]
[White "Sahlapalat"]
[Black "Madz123456"]
[WhiteElo "1890"]
[BlackElo "1720"]
[Result "1-0"]
[Round "1"]
1.d4 Ng8f6
2.c4 e6
3.Nb1c3 Bf8b4
4.e3 Bb4xc3
5.bxc3 b6
6.Ng1f3 Bc8b7
7.Bf1d3 O-O
8.O-O Bb7e4
9.a4 Nb8c6
10.Bc1a3  { time }
1-0

[Event "Tourn. n9593"]
[Site "www.chess-mail.com"]
[Date "2018.01.16"]
[Round "1"]
[White "Madz123456"]
[Black "Osopanda"]
[WhiteElo "1640"]
[BlackElo "1650"]
[Result "0-1"]
[Round "1"]
1.e4 c5
2.Ng1f3 Nb8c6
3.Bf1b5 Nc6d4
4.Nf3xd4 cxd4
5.c3 a6
6.Bb5a4 b5
7.Ba4b3 e6
8.cxd4 d6
9.d3 Ng8f6
10.Nb1c3 Bc8b7
11.O-O Bf8e7
12.f4 Qd8c7
13.f5 exf5
14.Rf1xf5 O-O
15.h3 Qc7b6
16.Bc1e3 Qb6c6
17.Qd1f3 b4
18.Nc3d5 Nf6xd5
19.Bb3xd5 Qc6c8
20.Ra1c1 Qc8d7
21.Bd5xf7 Kh8
22.Qf3h5 Be7f6
 { time }
0-1

[Event "Tourn. n9665"]
[Site "www.chess-mail.com"]
[Date "2018.01.16"]
[Round "1"]
[White "Goofy"]
[Black "Pangloss"]
[WhiteElo "2340"]
[BlackElo "2340"]
[Result "1-0"]
[Round "1"]
1.e4 e5
2.Ng1f3 Nb8c6
3.Bf1c4 Ng8f6
4.d3 h6
5.c3 d5
6.exd5 Nf6xd5
7.Qd1b3 Nc6a5
8.Qb3a4 Na5c6
9.Qa4b3 Nc6a5
10.Qb3a4 Na5c6
11.Qa4b5  { time }
1-0

[Event "Tourn. n9687"]
[Site "www.chess-mail.com"]
[Date "2018.01.16"]
[Round "1"]
[White "Jackbauer"]
[Black "Bojan"]
[WhiteElo "1820"]
[BlackElo "1950"]
[Result "1-0"]
[Round "1"]
1.e4 e5
2.f4 exf4
3.Ng1f3 f6
4.a3 Nb8c6
5.Nb1c3 Qd8e7
6.d3 g5
7.Nc3d5 Qe7d8
8.Nf3xg5 h5
9.Ng5f3 Bf8d6
10.Bf1e2 Nc6e5
11.Bc1xf4 Ne5xf3
12.Be2xf3 Bd6xf4
13.Nd5xf4 h4
14.Bf3h5 Rh8xh5
15.Qd1xh5 Ke7
16.Nf4g6 Kd6
17.Qh5d5 { resign }
1-0

[Event "Tourn. n9672"]
[Site "www.chess-mail.com"]
[Date "2018.01.16"]
[Round "1"]
[White "Bojan"]
[Black "Panham"]
[WhiteElo "2060"]
[BlackElo "2230"]
[Result "0-1"]
[Round "1"]
1.e4 e5
2.Ng1f3 Nb8c6
3.Bf1c4 Bf8c5
4.c3 Ng8f6
5.Nf3g5 O-O
6.Qd1e2 d6
7.h3 h6
8.Ng5f3 d5
9.exd5 Nf6xd5
10.O-O Rf8e8
11.Qe2e4 Bc8e6
12.Bc4d3 Nd5f6
13.Qe4e2 Qd8d7
14.Nf3xe5 Nc6xe5
15.Qe2xe5 Be6xh3
16.Qe5g3 Bh3e6
17.Bd3e2 Bc5d6
18.Qg3h4 Ra8d8
19.Be2f3 c5
20.d3 Nf6h7
21.Bf3e4 Be6f5
22.f3 Bf5xe4
23.dxe4 c4
24.Bc1e3 a6
25.Nb1d2 Qd7b5
26.b3 Bd6c5
27.Nd2xc4 Bc5xe3
28.Nc4xe3 Qb5c5
29.Rf1e1 Qc5xc3
30.Ne3d5 Qc3d4
31.Kh1 Nh7f6
32.Re1d1 Qd4e5
33.Nd5xf6 Qe5xf6
34.Qh4f2 Rd8xd1
35.Ra1xd1 Re8xe4
36.g3 Re4e8
37.Kg2 Qf6c6
38.Rd1d3 Qc6c1
39.Rd3d2 Re8e1
40.f4 Qc1c6
41.Qf2f3 Re1g1
42.Kf2 Rg1f1
{ resign }
0-1

[Event "Tourn. n9664"]
[Site "www.chess-mail.com"]
[Date "2018.01.16"]
[Round "1"]
[White "Bigrezi"]
[Black "Fabos12"]
[WhiteElo "2240"]
[BlackElo "2010"]
[Result "1-0"]
[Round "1"]
1.e4 e6
2.d4 d5
3.exd5 exd5
4.Ng1f3 Ng8f6
5.Bf1d3 Bf8d6
6.c4 c6
7.O-O h6
8.Rf1e1 Bc8e6
9.c5 Bd6c7
10.Nb1c3 O-O
11.Qd1c2 Be6g4
12.Nf3e5 Bg4h5
13.Bc1f4 Nb8d7
{ time. }
1-0

[Event "Tourn. n9668"]
[Site "www.chess-mail.com"]
[Date "2018.01.16"]
[Round "1"]
[White "Falcoale"]
[Black "Attatroll"]
[WhiteElo "1860"]
[BlackElo "1940"]
[Result "0-1"]
[Round "1"]
1.e4 d6
2.d4 Ng8f6
3.Nb1c3 g6
4.Ng1f3 Bf8g7
5.h3 O-O
6.Bf1c4 c6
7.Bc1g5 Nb8d7
8.O-O h6
9.Bg5e3 Nd7b6
10.Bc4b3 a5
11.a3 a4
12.Bb3a2 d5
13.e5 Nf6d7
14.Qd1d2 Kh7
15.Nf3h2 Rf8h8
16.Nh2g4 Qd8f8
17.Nc3e2 e6
18.c3 Nb6c4
19.Ba2xc4 dxc4
20.Ne2g3 b5
21.f4 Bc8b7
22.h4 h5
23.Ng4f2 Bg7h6
24.Qd2c2 Kg7
25.Nf2h3 Nd7b6
26.Ng3e4 Nb6d5
27.Be3d2 Ra8d8
28.Ne4d6 Qf8e7
29.Nh3g5 Bh6xg5
30.fxg5 Rh8f8
31.Nd6xb7 Qe7xb7
32.Rf1f2 Nd5e7
33.Ra1f1 Ne7f5
34.Rf2f4 Qb7b6
35.Kh2 c5
36.dxc5 Qb6xc5
37.Rf1e1 Rd8d3
38.Qc2c1 Rf8d8
39.Rf4xf5 gxf5
40.Bd2e3 Qc5xe5
41.Kh1 Qe5d5
42.Be3d4 Kg6
43.Re1e5 Qd5xe5
44.Bd4xe5 Rd3d1
45.Qc1xd1 Rd8xd1
46.Kh2 Rd1b1
{ resign }
0-1

[Event "Tourn. n9606"]
[Site "www.chess-mail.com"]
[Date "2018.01.16"]
[Round "1"]
[White "Sorim"]
[Black "Falcoale"]
[WhiteElo "2070"]
[BlackElo "2000"]
[Result "1-0"]
[Round "1"]
1.d4 Ng8f6
2.Ng1f3 e6
3.Bc1g5 h6
4.Bg5h4 Bf8e7
5.e3 b6
6.Bf1e2 Bc8b7
7.O-O d6
8.c4 O-O
9.Nb1c3 Nb8d7
10.Ra1c1 a6
11.Qd1c2 Ra8c8
12.b4 c5
13.a3 Rf8e8
14.Rf1d1 Qd8c7
15.Bh4g3 Qc7b8
16.Nc3a4 cxb4
17.axb4 b5
18.Na4c3 Nd7b6
19.c5 Nb6d5
20.Qc2b2 Nd5xc3
21.Rc1xc3 Nf6e4
22.Rc3c1 Ne4xg3
23.hxg3 dxc5
24.dxc5 Be7f6
25.Qb2a3 Qb8a8
26.Nf3d2 Bb7xg2
27.f3 Bg2h3
28.Nd2e4 Bf6e7
29.Rc1a1 f5
30.Ne4d6 Be7xd6
31.Rd1xd6 Qa8a7
32.Kh2 e5
33.Kxh3 Qa7f7
34.Qa3xa6 Qf7h5
35.Kg2 e4
36.Qa6a2 Kh8
37.f4 Rc8a8
38.Be2xh5 Ra8xa2
39.Ra1xa2 { resign }
1-0

[Event "Tourn. n9626"]
[Site "www.chess-mail.com"]
[Date "2018.01.16"]
[Round "1"]
[White "Malbertan"]
[Black "Sahlapalat"]
[WhiteElo "1940"]
[BlackElo "1869"]
[Result "0-1"]
[Round "1"]
1.e4 c5
2.Ng1f3 d6
3.d4 cxd4
4.Nf3xd4 Ng8f6
5.Nb1c3 Nb8c6
6.Bf1e2 e5
7.Nd4b3 Bf8e7
8.O-O O-O
9.f4 exf4
10.Bc1xf4 Nc6e5
11.Qd1e1 Bc8e6
12.Ra1d1 Qd8b6
13.Kh1 Ra8c8
14.Nc3d5 Be6xd5
15.exd5 Rc8xc2
16.Bf4xe5 dxe5
17.Be2d3 Rc2xb2
18.Qe1xe5 Rb2xa2
19.Qe5xe7 Qb6xb3
20.d6 Qb3b2
21.Rf1g1 Nf6g4
22.Rd1f1 Qb2e5
23.Qe7xe5 Ng4xe5
24.Bd3e4 b6
25.Rf1e1 Ra2d2
26.Re1d1 Rd2xd1
27.Rg1xd1 Rf8d8
28.Kg1 Kf8
29.Kf2 g6
30.h3 Ne5c4
31.d7 Nc4e5
32.Ke3 Rd8xd7
33.Rd1xd7 Ne5xd7
34.Be4c6 Ke7
35.Kd4 Kd6
{ resign }
0-1

[Event "Match"]
[Site "www.echecsemail.com"]
[Date "2018.01.16"]
[Round "1"]
[White "Llord"]
[Black "Meskienas"]
[WhiteElo "1950"]
[BlackElo "1809"]
[Result "1-0"]
[Round "1"]
1.e4 c5
2.Bf1c4 e6
3.Ng1f3 Nb8c6
4.d4 cxd4
5.Nf3xd4 Ng8f6
6.Nd4xc6 bxc6
7.e5 Nf6d5
8.O-O Bf8c5
9.Qd1f3 O-O
10.Nb1c3 Nd5xc3
11.Qf3xc3 a5
12.Qc3g3 Kh8
13.Bc4d3 Qd8b6
14.Qg3h3 g6
15.Bc1h6 Rf8g8
16.Qh3f3 Qb6xb2
17.Qf3f6 { resign }
1-0

[Event "Match"]
[Site "www.echecsemail.com"]
[Date "2018.01.16"]
[Round "1"]
[White "Gimmyg"]
[Black "Ericleo1980"]
[WhiteElo "2520"]
[BlackElo "2230"]
[Result "1/2-1/2"]
[Round "1"]
1.b3 d5
2.Ng1f3 Ng8f6
3.c4 c6
4.e3 Bc8g4
5.h3 Bg4h5
6.Bc1b2 Nb8d7
7.Bf1e2 Qd8c7
8.cxd5 cxd5
9.Nb1c3 Ra8c8
10.g4 Bh5g6
11.g5 Nf6e4
12.Nc3xd5 Qc7a5
13.Nd5f4 Ne4xg5
14.Nf3xg5 Qa5xg5
15.h4 Qg5a5
16.Ra1c1 Qa5d8
17.Be2f3 Rc8xc1
18.Qd1xc1 e5
19.Nf4xg6 hxg6
20.Bf3xb7 Rh8xh4
21.Rh1xh4 Qd8xh4
22.Qc1c7 e4
23.Qc7c8 Ke7
24.Bb2a3 Ke6
25.Ba3xf8 Qh4h1
26.Ke2 { draw }
1/2-1/2

[Event "1/64 Finale"]
[Site "www.chess-mail.com"]
[Date "2018.01.16"]
[Round "1"]
[White "Loper10"]
[Black "Pangloss"]
[WhiteElo "2690"]
[BlackElo "2370"]
[Result "1-0"]
[Round "1"]
1.Ng1f3 d5
2.g3 Bc8g4
3.Bf1g2 c6
4.c4 e6
5.cxd5 exd5
6.O-O Bf8d6
7.Nb1c3 Ng8f6
8.d4 O-O
9.Nf3e5  { time }
1-0

[Event "1/64 Finale"]
[Site "www.chess-mail.com"]
[Date "2018.01.16"]
[Round "1"]
[White "Asoka"]
[Black "Emmanuel69"]
[WhiteElo "2660"]
[BlackElo "1960"]
[Result "1-0"]
[Round "1"]
1.e4 c6
2.d4 d5
3.exd5 cxd5
4.Bf1d3 Ng8f6
5.c3 h6
6.Ng1f3 e6
7.Bc1f4 Nb8c6
8.Qd1e2 g6
9.h3 Bf8g7
10.O-O O-O
11.Rf1e1 Rf8e8
12.Nb1d2 Qd8e7
13.a4 Nf6h5
14.Bf4h2 Nh5f6
15.a5 a6
16.Nd2b3 Nf6d7
17.Qe2d2 Qe7d8
18.Bd3c2 Nd7f6
19.Bh2f4 Kh7
20.Qd2e3 Nf6h5
21.Bf4e5 Bg7xe5
22.dxe5 Nh5g7
23.g4 Re8f8
24.Kg2 Qd8e7
25.Nb3c5 h5
26.Nc5d3 Qe7c7
27.Nd3f4 hxg4
28.hxg4 Kg8
29.Re1h1 Nc6xa5
30.Nf4xd5 exd5
31.Qe3h6 f5
32.Qh6xg6 fxg4
33.Rh1h8 Kxh8
34.Qg6h7 
1-0